Southville International School and Colleges
Your cart is empty.
  • Cart
  • Lists
    Public lists Eva Luna New books Lux_list list_1
    Your lists Log in to create your own lists
  • Log in to your account
  • Your cookies
  • Search history
Southville International School and Colleges
  • Advanced search
  • Recent comments
  • Most popular
  • Libraries

Log in to your account

Log in with GOOGLE


If you do not have an external account, but do have a local account, you can still log in:

  1. Home
  2. MARC view: 200 best-ever recipes with just four ingredients /
Normal view MARC view ISBD view

200 best-ever recipes with just four ingredients / (Record no. 300679)

[ view plain ]
MARC details
000 -LEADER
fixed length control field 00515nam a2200205Ia 4500
008 - FIXED-LENGTH DATA ELEMENTS--GENERAL INFORMATION
fixed length control field 160819s9999 xx 000 0 und d
020 ## - INTERNATIONAL STANDARD BOOK NUMBER
International Standard Book Number 978-1-84476-327-6
050 ## - LIBRARY OF CONGRESS CALL NUMBER
Classification number CUL TX 714
050 ## - LIBRARY OF CONGRESS CALL NUMBER
Item number .F37 2006
100 ## - MAIN ENTRY--PERSONAL NAME
Personal name Farrow, Joanna.
245 ## - TITLE STATEMENT
Title 200 best-ever recipes with just four ingredients /
245 ## - TITLE STATEMENT
Statement of responsibility, etc Joanna Farrow.
260 ## - PUBLICATION, DISTRIBUTION, ETC. (IMPRINT)
Place of publication, distribution, etc London :
260 ## - PUBLICATION, DISTRIBUTION, ETC. (IMPRINT)
Name of publisher, distributor, etc Southwater,
260 ## - PUBLICATION, DISTRIBUTION, ETC. (IMPRINT)
Date of publication, distribution, etc 2006
300 ## - PHYSICAL DESCRIPTION
Extent 256 pages :
300 ## - PHYSICAL DESCRIPTION
Other physical details color illustrations ;
300 ## - PHYSICAL DESCRIPTION
Dimensions 22 cm.
650 ## - SUBJECT ADDED ENTRY--TOPICAL TERM
Topical term or geographic name as entry element Cooking.
Holdings
Withdrawn status Lost status Damaged status Home library Current library Shelving location Date acquired Cost, normal purchase price Total Checkouts Full call number Barcode Date last seen Price effective from Koha item type
      South Mansfield College South Mansfield College   01/09/2008 1014.00   CUL TX 714 .F37 2006 SMC03870 08/19/2016 08/19/2016  

200 best-ever recipes with just four ingredients /

APA

Farrow J., .200 best-ever recipes with just four ingredients. London: .

Chicago

Farrow Joanna, .200 best-ever recipes with just four ingredients. London: .

Harvard

Farrow J., .200 best-ever recipes with just four ingredients. London: .

MLA

Farrow Joanna, .London: . .

  • Place hold
  • Print
  • Cite
  • Add to your cart (remove)
  • Save record
    BIBTEX Dublin Core MARCXML MARC (non-Unicode/MARC-8) MARC (Unicode/UTF-8) MARC (Unicode/UTF-8, Standard) MODS (XML) RIS
  • More searches
    Search for this title in:
    Other Libraries (WorldCat) Other Databases (Google Scholar) Online Stores (Bookfinder.com) Open Library (openlibrary.org)

Exporting to Dublin Core...

SOUTHVILLE LIBRARY

Southville International School and Colleges Library

1281 Tropical Ave. Cor. Luxembourg St., BF Homes International, Las Pinas City

Tel. No. 8256374 / 252358 Loc. 117/146

Powered by Koha